000 00339nam a2200145Ia 4500
008 210210b1909 xxu||||| |||| 00| 0 eng d
041 _aeng
082 _a825/1165
100 _aLESLIE (Stephen)
245 _aSwift
260 _aLondon
_bMacmillan & Co. Ltd.
_c1909
650 _aSwift
690 _aEnglish Criticism
906 _a015479
999 _c134848
_d134848